000 00705nam a2200229 a 4500
005 20240228063838.0
008 010620s2000 r 000 0 eng d
020 _a9681662911
035 _aUPN01000108680
049 _aI
050 4 _aPZ71
_bV4.8
100 1 _aVeldkamp, Tjibbe
245 1 0 _a22 huérfanos /
_cTjibbe Veldrkamp, Philip Hopman ; tr. Ernestina Loyo
260 _aMéxico :
_bFCE.
_c2000.
300 _a[24] p. :
_bprincipalmente il. col.
440 4 _aLos especiales de a la orilla del viento
534 _pTraducción de:
_t22 Wezen
650 4 _aCuentos infantiles
_96744
650 4 _aLibros y lectura para niños
_92290
700 1 _aHopman, Philip,
_ecoaut.
905 _aInfantil
999 _c82591
_d82591